00638nam a22001937a 450000500170000000800410001702000180005804000180007610000220009424500830011625000120019926000450021130000310025665000510028765000340033865000410037265000130041370000180042620251008170431.0251008b |||||||| |||| 00| 0 eng d a9789393330994 cAIMIT LIBRARY aDas, Shubhabrata. aBusiness analytics :bdata to decisions /cBy Shubhabrata Das and Soudeep Deb. a1st ed. aNew Delhi :bUniversities Press ,c2026. axxiii,1098 p.;bPBc25 cm. aData representation and descriptive statistics aProbability and distributions aContinuous prabability distributions aSampling aDeb, Soudeep.